| 000 | 00462nam a22001697a 4500 | ||
|---|---|---|---|
| 003 | NUST - PNEC | ||
| 005 | 20170116181102.0 | ||
| 008 | 151003b xxu||||| |||| 00| 0 eng d | ||
| 020 | _a1566761956 | ||
| 040 | _cLIBRARY | ||
| 082 | _a620.3 KOH | ||
| 100 |
_912438 _aKohudic, Melvyn |
||
| 245 |
_aAdvances in vibration control for intelligent structures : Vol 1 _cMelvyn Kohudic |
||
| 260 | _cc.1994 | ||
| 650 |
_912439 _aSmart materials _xEE |
||
| 942 |
_2ddc _cBK |
||
| 999 |
_c68801 _d68801 |
||